000 00337nam a22001337a 4500
003 OSt
008 240718b |||||||| |||| 00| 0 eng d
082 _a631.42
_bO23S
100 _aGADA Muz
245 _aOfficers level training on reclamation and management of Alkali soil
260 _aRAU Pusa
_c1997
300 _a70
942 _2ddc
_cRP
999 _c41739
_d41739